• 首页
  • 本馆介绍
  • 公告通知
  • 最新文献
  • 馆藏检索
  • 电子资源
  • 读者导购
  • 参考咨询
  • 我的图书馆
  • 登录
  • 详细信息显示
  • 放入我的书架
  • 预约/预借图书
  • 作者相关作品
  • 分类相关作品
  • 丛书相关作品
  • 出版社相关作品

书目信息

  • 表格格式
  • 工作单格式
  • 卡片格式
题名:
名人尊师言行录
    
 
作者: ;东北师范大学出版社 , 东北师范大学教育系 编
分册:  
出版信息: 长春   东北师范大学出版社  1985
页数: 133页
开本: 19cm
丛书名:
单 册:
中图分类: G456
科图分类:
主题词: 尊师爱生-名人--语录 , 名人-尊师爱生--语录
电子资源:
ISBN:
000 00749nam0 2200241 45
001 0185018748
005 20060718173916.15
010    @dCNY0.80
100    @a19951022d1985 em y0chiy0121 ea
101 0  @achi
102    @aCN@b220000
105    @ay z 000yy
200 10 @a名人尊师言行录@Aming ren zun shi yan xing lu@f东北师范大学教育系,东北师范大学出版社编
210    @a长春@c东北师范大学出版社@d1985
215    @a133页@d19cm
606    @a尊师爱生-名人@x语录
606    @a名人-尊师爱生@x语录
690    @aG456@v3
711 02 @a东北师范大学出版社@4编@Adong bei shi fan da xue chu ban she
711 02 @a东北师范大学教育系@4编@Adong bei shi fan da xue jiao yu xi
801  2 @aCN@bNLC@c20060718
801  0 @aCN@bTSSF
905    @a10447@dG456@e27
    
    名人尊师言行录/东北师范大学教育系,东北师范大学出版社编.-长春:东北师范大学出版社,1985
    133页;19cm
    
    
    ISBN :CNY0.80
    
●
相关链接 在E读中查询图书 在五车中查询图书 在当当中查询图书 在豆瓣中查询图书


正题名:名人尊师言行录     索取号:G456/27         预约/预借

序号 登录号 条形码 馆藏地/架位号 状态 备注
1 0424672   204246725   密集书库/ [索取号:G456/27] 在馆    
唐山师范学院图书馆 欢迎您!
大连网信软件有限公司© 版权所有